000 00290nam a22001337a 4500
008 170825b xxu||||| |||| 00| 0 eng d
020 _a61579580330
041 _aeng
080 _a070
100 _a39
101 _aMED
245 _aMOVIE MAKING COURSE
_cPATMORE.CH
942 _2udc
_cBK
999 _c25111
_d25111